[Event "Imperia op 30th"]
[Site "Imperia"]
[Date "1988.09.10"]
[Round "7.10"]
[White "Bilgeri, Richard"]
[Black "Karl, Hans"]
[Result "1/2-1/2"]
[WhiteElo "2065"]
[BlackElo "2310"]
[PlyCount "82"]
[EventDate "1988.09.04"]
[EventType "swiss"]
[EventRounds "8"]
[EventCountry "ITA"]
[SourceTitle "EXT 2024"]
[Source "ChessBase"]
[SourceDate "2023.10.10"]
[SourceVersion "1"]
[SourceVersionDate "2023.10.10"]
[SourceQuality "1"]

1. e4 e5 2. Nf3 Nc6 3. c3 Nf6 4. d4 d5 5. Bb5 exd4 6. e5 Ne4 7. cxd4 Bb4+ 8. Nbd2 0-0 9. 0-0 Bg4 10. Nb3 f6 11. exf6 Qxf6 12. Be2 Rae8 13. Be3 Bd6 14. Nbd2 Nd8 15. Rc1 c6 16. Ne5 Bxe2 17. Qxe2 Bxe5 18. dxe5 Qxe5 19. Nxe4 Qxe4 20. Qd2 a6 21. Rfe1 Qg6 22. a4 Re4 23. b3 Rfe8 24. f3 R4e6 25. Bf2 b5 26. Bh4 bxa4 27. bxa4 h6 28. h3 Nf7 29. Kh2 Ne5 30. Bg3 Nc4 31. Qc3 Qg5 32. Rxe6 Rxe6 33. Re1 Rxe1 34. Qxe1 Qe3 35. Qb4 Nd2 36. Bf4 Nxf3+ 37. gxf3 Qf2+ 38. Kh1 Qf1+ 39. Kh2 Qf2+ 40. Kh1 Qf1+ 41. Kh2 Qf2+ 1/2-1/2

[Event "Imperia op 30th"]
[Site "Imperia"]
[Date "1988.09.09"]
[Round "6.20"]
[White "Bilgeri, Richard"]
[Black "Rossi, Giampiero"]
[Result "1-0"]
[WhiteElo "2066"]
[BlackElo "2022"]
[PlyCount "115"]
[EventDate "1988.09.04"]
[EventType "swiss"]
[EventRounds "8"]
[EventCountry "ITA"]
[SourceTitle "EXT 2024"]
[Source "ChessBase"]
[SourceDate "2023.10.10"]
[SourceVersion "1"]
[SourceVersionDate "2023.10.10"]
[SourceQuality "1"]

1. e4 c5 2. Nf3 e6 3. d4 cxd4 4. Nxd4 a6 5. Bd3 Nc6 6. Nxc6 dxc6 7. 0-0 e5 8. Be3 Nf6 9. a4 Ng4 10. Bd2 Bc5 11. Qf3 Qe7 12. h3 Nf6 13. Na3 b5 14. c3 0-0 15. Nc2 Be6 16. Nb4 Bxb4 17. cxb4 Rad8 18. Bc3 Rxd3 19. Qxd3 Bc4 20. Qe3 Bxf1 21. Rxf1 Qe6 22. axb5 axb5 23. Rd1 Re8 24. Qe2 h6 25. Kh2 Nd7 26. Qd3 Nf8 27. Qd6 f6 28. g3 Qxd6 29. Rxd6 Re6 30. Rd3 Kf7 31. Bd2 Ke8 32. Be3 Nd7 33. Kg2 Kd8 34. Bc5 Kc7 35. Ra3 Nxc5 36. bxc5 Kb7 37. Kf3 Re7 38. Rd3 Kc7 39. Kg4 g6 40. Rd6 h5+ 41. Kf3 Rf7 42. Ke3 Rf8 43. f4 exf4+ 44. gxf4 Rf7 45. h4 Rf8 46. Kd4 Rf7 47. b3 Rd7 48. e5 fxe5+ 49. fxe5 Rf7 50. Ke4 Rf1 51. Rxg6 Rh1 52. Rg7+ Kd8 53. e6 Rxh4+ 54. Ke5 Rg4 55. Rh7 Rg3 56. Kd6 Rd3+ 57. Kxc6 Rxb3 58. Kb7 1-0

[Event "Imperia op 30th"]
[Site "Imperia"]
[Date "1988.09.05"]
[Round "2.18"]
[White "Bilgeri, Richard"]
[Black "Colombo, Alberto E"]
[Result "1-0"]
[WhiteElo "2065"]
[BlackElo "2029"]
[PlyCount "113"]
[EventDate "1988.09.04"]
[EventType "swiss"]
[EventRounds "8"]
[EventCountry "ITA"]
[SourceTitle "EXT 2024"]
[Source "ChessBase"]
[SourceDate "2023.10.10"]
[SourceVersion "1"]
[SourceVersionDate "2023.10.10"]
[SourceQuality "1"]

1. e4 e6 2. d4 d5 3. Nd2 dxe4 4. Nxe4 Bd7 5. Nf3 Bc6 6. Bd3 Nd7 7. 0-0 Be7 8. Re1 Bxe4 9. Bxe4 c6 10. c3 Ngf6 11. Bd3 0-0 12. Qc2 Rc8 13. Bg5 c5 14. Rad1 h6 15. Bh4 Re8 16. dxc5 Rxc5 17. Nd4 Qb6 18. Be2 Bf8 19. Qb3 g5 20. Bg3 Nd5 21. Qxb6 N7xb6 22. Nb3 Rcc8 23. Na5 Re7 24. Bd6 Rd7 25. Bxf8 Kxf8 26. c4 Nf6 27. Rxd7 Nfxd7 28. b3 Rc7 29. Bf3 Nc5 30. Rd1 Ke7 31. h4 e5 32. hxg5 hxg5 33. b4 Na6 34. c5 Nd7 35. a3 b6 36. Nc6+ Ke8 37. cxb6 axb6 38. Rd6 b5 39. Be2 Rb7 40. Nxe5 Nxe5 41. Rxa6 Kd7 42. Ra5 Nc4 43. Bxc4 bxc4 44. Kf1 f6 45. Ke2 Ke6 46. Kd2 Rd7+ 47. Kc3 Rd3+ 48. Kxc4 Rd2 49. b5 Rc2+ 50. Kb3 Rxf2 51. b6 Kd7 52. Rc5 Re2 53. b7 Re8 54. Rc8 Rxc8 55. bxc8Q+ Kxc8 56. Kc4 f5 57. Kd5 1-0